Estatísticas para Todos os campeões Da LIGA FDP(DEP)

Clique aqui para jogar o quiz

Estatísticas Gerais

  • Esse quiz foi jogado 8 vezes
  • A pontuação média é 8 de 11

Estatísticas das Respostas

1 VEZ CAMPEÃOTIME% Correto
2059Farense
100%
2022Force Team
100%
2023Sabotagem
100%
2025Goat Taarabt
86%
2035Linense
71%
2033Nuno Moura
71%
2039Valada
71%
2040Cascais
57%
2056Palestra Palmeiras
57%
2049Sporting Beja
57%
2036Parede
43%

Distribuição das Pontuações

Percentil de Números Respondidos

Porcentagem de Pessoas com Cada Pontuação

Sua Pontuação Histórica

Você não jogou esse quiz